| 000 | 00000nam##2200000za#4500 |
| 001 | 9.692176 |
| 003 | CaOODSP |
| 005 | 20210624233111 |
| 007 | cr ||||||||||| |
| 008 | 150407|2007||||xxc|||||o f|0| 0 eng|d |
| 040 | |aCaOODSP|beng |
| 043 | |an-cn--- |
| 086 | 1 |aH128-1/07-435E-PDF |
| 110 | 1 |aCanada. |bHealth Canada. |bHealthy Environments and Consumer Safety Branch. |
| 245 | 10|aUtility lighters are dangerous in the hands of children! |h[electronic resource] |
| 250 | |aEd. rev |
| 260 | |aOttawa - Ontario : |bHealth Canada. |cMarch 2007. |
| 300 | |a1p.|billus. |
| 500 | |aIncorrect catalogue number (H128-1/05-435) and ISBN (0-662-69214-4) copied in this PDF version. |
| 520 | 3 |aHealth Canada’s aim is to help keep the Canadian public safe by providing information that promotes safety and the safer use of consumer products. |
| 590 | |a09-07-Supp|b2009-08-17 |
| 690 | 07|aChild safety|2gcpds |
| 690 | 07|aFire prevention|2gcpds |
| 775 | 08|tLes briquets à usages multiples sont dangereux pour les enfants! |w(CaOODSP)9.636426 |
| 776 | 0#|tUtility lighters are dangerous in the hands of children! |w(CaOODSP)9.668753 |
| 776 | 0#|tLes briquets à usages multiples sont dangereux pour les enfants! |w(CaOODSP)9.668754 |
| 856 | 40|ahttp://publications.gc.ca|qPDF|s157 KB|uhttps://publications.gc.ca/collections/collection_2009/sc-hc/H128-1-07-435E.pdf |
| 986 | |aHC Pub. 4547 |